000 00492nam a2200145 a 4500
005 20140408090123.0
008 060801s19uu xx 00 eng d
050 _aPGS '06
_bGUT #45
100 _aGutierrez, Jessica Irene M.
245 _aA study on the coping machanisms of students with OFW fathers /
_cJessia Irene M. Gutierrez.
260 _aLas Pinas City :
_bSouthville International School and Colleges,
_c2006.
300 _a28 leaves
650 _aDescriptive method.
942 _cPASS
999 _c97490
_d97490